|
|
|
|
| LEADER |
01203nam a2200277 a 4500 |
| 001 |
10782 |
| 003 |
BD-DhAAL |
| 008 |
090406s1999 maua b 001 0 eng d |
| 999 |
|
|
|c 106
|d 106
|
| 010 |
|
|
|a 97046348
|
| 020 |
|
|
|a 0072891467
|
| 040 |
|
|
|a DLC
|c DLC
|d DLC
|d BD-DhAAL
|
| 082 |
0 |
0 |
|a 150
|2 21
|
| 100 |
1 |
|
|a Feldman, Robert S.
|q (Robert Stephen),
|d 1947-
|9 32803
|
| 245 |
1 |
0 |
|a Understanding psychology /
|c Robert S. Feldman.
|
| 250 |
|
|
|a Fifth edition
|
| 260 |
|
|
|a Boston :
|b McGraw-Hill College,
|c c1999.
|
| 300 |
|
|
|a xxvi, 774 pages :
|b illustrations (chiefly colors) ;
|c 28 cm.
|
| 500 |
|
|
|a "International edition"--T.p. verso.
|
| 504 |
|
|
|a Includes bibliographical references (pages 671-747) and indexes.
|
| 541 |
1 |
|
|e 00010789
|
| 650 |
|
0 |
|a Psychology
|v Textbooks.
|9 32804
|
| 852 |
|
|
|a Ayesha Abed Library
|c General Stacks
|
| 942 |
|
|
|2 ddc
|c BK
|
| 952 |
|
|
|0 0
|1 0
|2 ddc
|4 0
|6 150_000000000000000_FEL
|7 0
|9 98
|a BRACUL
|b BRACUL
|c GEN
|d 2009-04-28
|g 0.00
|l 5
|m 27
|o 150 FEL
|p 3010010789
|r 2021-09-15
|s 2020-01-16
|t 1
|w 2009-04-28
|y BK
|x No price found in the accession register.
|
| 952 |
|
|
|0 0
|1 0
|2 ddc
|4 1
|6 150_000000000000000_FEL
|7 0
|9 23318
|a BRACUL
|b BRACUL
|c SPS
|d 2013-09-03
|l 0
|o 150 FEL
|p 3010010782
|r 2013-09-03
|t 2
|w 2013-09-03
|y BK
|